Informe anual 1994. (Registro nro. 29371)
[ vista simple ]
| 000 -CABECERA | |
|---|---|
| campo de control de longitud fija | 00458nam a2200145 a 4500 |
| 001 - NÚMERO DE CONTROL | |
| campo de control | 000029879 |
| 005 - FECHA Y HORA DE LA ÚLTIMA TRANSACCIÓN | |
| campo de control | 20200930055857.0 |
| 008 - DATOS DE LONGITUD FIJA--INFORMACIÓN GENERAL | |
| campo de control de longitud fija | 110426s1994 000 spa d |
| 040 ## - FUENTE DE LA CATALOGACIÓN | |
| Centro catalogador/agencia de origen | DO-SdBNP |
| Lengua de catalogación | spa |
| Centro/agencia transcriptor | BNPHU |
| 049 ## - FONDOS LOCALES (OCLC) | |
| Fondos de biblioteca | BNPD |
| 110 2# - ENTRADA PRINCIPAL--NOMBRE DE ENTIDAD CORPORATIVA | |
| Nombre de entidad corporativa o nombre de jurisdicción como elemento de entrada | Centro Nacional de Investigaciones en Salud Materno Infantil |
| 9 (RLIN) | 55757 |
| 245 10 - MENCIÓN DE TÍTULO | |
| Título | Informe anual 1994. |
| 260 ## - PUBLICACIÓN, DISTRIBUCIÓN, ETC. | |
| Lugar de publicación, distribución, etc. | Santo Domingo : |
| Nombre del editor, distribuidor, etc. | Hospital de Niños Robert Reid Cabral |
| -- | CENISMI, |
| Fecha de publicación, distribución, etc. | [1994.]. |
| 300 ## - DESCRIPCIÓN FÍSICA | |
| Extensión | 12 P. |
| -- | 28 cm. |
| Estado de retiro | Estado de pérdida | Restricciones de uso | No para préstamo | Código de colección | Localización permanente | Ubicación/localización actual | Ubicación en estantería | Fecha de adquisición | Número de inventario | Total de préstamos | Signatura topográfica completa | Código de barras | Fecha visto por última vez | Precio válido a partir de | Tipo de ítem Koha |
|---|---|---|---|---|---|---|---|---|---|---|---|---|---|---|---|
| Excluido de préstamo | Monografías: Libros y Folletos | Patrimonio Dominicano | Patrimonio Dominicano | En catalogación | 26.04.2011 | LF1 | 29879-10 | 25.06.2020 | 25.06.2020 | No se presta |
